000 00356nmm a2200145 a 4500
003 AR-BaBNM
005 20251128203121.0
008 203119s1950 ||||||||||||||000 | spa||
040 _cAR-BaBNM
100 1 _aLevene, Ricardo
245 1 0 _aHistoria de la Nación Argentina
_n7.2
260 _aBuenos Aires
_bEl Ateneo
_c1950
942 _cBK
998 _cLomberg
999 _c1973
_d1973